Corporate Soul The Monk Within the Manager (Record no. 1766)

MARC details
000 -LEADER
fixed length control field 00316nam a2200121Ia 4500
008 - FIXED-LENGTH DATA ELEMENTS--GENERAL INFORMATION
fixed length control field 191201s2005 xx 000 0 und d
100 ## - MAIN ENTRY--PERSONAL NAME
Personal name SIDDIQUI, Moid
245 #0 - TITLE STATEMENT
Title Corporate Soul The Monk Within the Manager
260 ## - PUBLICATION, DISTRIBUTION, ETC. (IMPRINT)
Place of publication, distribution, etc N.Delhi
Name of publisher, distributor, etc Response Books
Date of publication, distribution, etc 2005
300 ## - PHYSICAL DESCRIPTION
Extent 300
650 ## - SUBJECT ADDED ENTRY--TOPICAL TERM
Topical term or geographic name as entry element General Books
942 ## - ADDED ENTRY ELEMENTS (KOHA)
Source of classification or shelving scheme Dewey Decimal Classification
Koha item type Text Books
Holdings
Withdrawn status Lost status Source of classification or shelving scheme Damaged status Not for loan Collection code Home library Current library Date acquired Source of acquisition Cost, normal purchase price Bill Number Total Checkouts Full call number Acc. no. / Barcode Date last seen Bill Date Koha item type
    Dewey Decimal Classification     GENERAL PIET C-LIBRARY PIET C-LIBRARY 20/08/2006 M/s UDH , Delhi 280.00 125382   658.409 SIC 3190 04/12/2019 23/08/2005 Text Books

Design & Developed by: PIET Central Library
R70 Miles Stone Pattikalyana Samalkha Panipat 132102
mail ID :- [email protected], Phone No:- 0180-2569700 Ex.216